header

Care in chaos (Record no. 26560)

MARC details
000 -LEADER
fixed length control field 01605nam a2200397 a 4500
100 1# - MAIN ENTRY--AUTHOR NAME
Personal name Hadley, Roger.
245 10 - TITLE STATEMENT
Title Care in chaos
260 ## - PUBLICATION, DISTRIBUTION, ETC. (IMPRINT)
Place of publication London ;
-- New York :
Name of publisher Cassell,
Year of publication c1997.
300 ## - PHYSICAL DESCRIPTION
Number of Pages xii, 226 p.
505 0# - FORMATTED CONTENTS NOTE
Formatted contents note pt. 1. Context -- pt. 2. Views from the field : the case studies -- pt. 3. Analysis and discussion.
650 #0 - SUBJECT ADDED ENTRY--TOPICAL TERM
Topical Term Public welfare
Topical Term Human services
700 1# - ADDED ENTRY--PERSONAL NAME
Personal name Clough, Roger.
Personal name Kennedy, Helena.
856 40 - ELECTRONIC LOCATION AND ACCESS
Uniform Resource Identifier http://site.ebrary.com/lib/rucke/Doc?id=10224833

No items available.

© 2026 Rongo University
Contact us: librarian | system librarian | Rongo university